000 00849nam a2200217 a 4500
008 120416s1975 ||||||||||||||||| || u
020 _a0716102749
050 _aHD 5650 Mac
100 _aMacbeath, Innis
245 1 0 _aPower sharing in industry
246 _aa practical guide to employee participation in company operations
260 _aEpping,Essex
_bGower Press
_c1975
300 _axviii, 180p : ill
350 _a0.00
500 _aIncludes index. -Bibliography: p. 169-173.
650 _aManagement--Employee participation
650 _aManagement--Employee participation--European Economic Community countries
650 0 _aMANAGEMENT
650 0 _aPERSONNEL MANAGEMENT
995 _D0.00
_FCBU-MAIN LIBRARY (Kitwe)
_H1
_I18.75
_M1
_UAVAILABLE
_ZMain Library Open Access Collection
999 _c54181
_d54181